Vainqueurs de la Coupe intercontinentale - Statistiques

Statistiques générales
  • Ce quiz a été pris 42 fois
  • Le résultat moyen est 22 sur 43
Statistiques - réponses
Annèe Vainqueur % Correct
1960 Real Madrid
97%
1998 Real Madrid
97%
2002 Real Madrid
97%
1969 AC Milan
82%
1989 AC Milan
82%
1990 AC Milan
82%
1964 Inter Milan
82%
1965 Inter Milan
82%
1985 Juventus
74%
1996 Juventus
74%
1992 São Paulo FC
71%
1993 São Paulo FC
71%
1999 Manchester United
68%
1976 Bayern Munich
65%
2001 Bayern Munich
65%
1972 Ajax Amsterdam
59%
1995 Ajax Amsterdam
59%
1987 FC Porto
59%
2004 FC Porto
59%
1962 Santos FC
59%
1963 Santos FC
59%
1986 River Plate
56%
1977 Boca Juniors
50%
2000 Boca Juniors
50%
2003 Boca Juniors
50%
1991 Étoile rouge Belgrade
41%
1970 Feyenoord Rotterdam
41%
1981 Flamengo
41%
1961 Peñarol
35%
1966 Peñarol
35%
1982 Peñarol
35%
1973 CA Independiente
24%
1984 CA Independiente
24%
1983 Grêmio
21%
1997 Borussia Dortmund
18%
1968 Estudiantes
18%
1971 Club Nacional
15%
1980 Club Nacional
15%
1988 Club Nacional
15%
1979 Club Olimpia
12%
1967 Racing
12%
1974 Atlético de Madrid
6%
1994 Vélez Sársfield
3%
Aucun quiz correspondant
Distribution des résultats
% des personnes avec chaque résultat
Percentile par nombre de réponses
Votre historique - résultats
Vous n’avez pas pris ce quiz